00521nam a2200169Ia 450000500170000000800410001704000190005804100120007708200150008910000160010424501240012025000130024426000320025730000270028965000250031685000100034120230821101711.0131103s9999 xx 000 0 und d aLoreto College aEnglish a914.2bMOR aMortan,H.V. aH.V.Morton's Londonb being the heart of London, the spell of London and the nights of London in one vol. cMortan,H.V. a14th ed. aLondonbMethuen & Co.c1946 axiv,436 p.b 15 illus. aGeography of England aLCLIB